| 000 | 00765nam a2200253 a 4500 | ||
|---|---|---|---|
| 999 |
_c836 _d836 |
||
| 001 | 836 | ||
| 003 | BD-JhCC | ||
| 005 | 20171010172540.0 | ||
| 008 | 171010s2015 bg a|||| |||| 000 0 ben d | ||
| 020 | _a9789848765135 | ||
| 035 | _a(BD-JhCC) 836 | ||
| 040 |
_aBD-JhCC _dBD-JhCC |
||
| 041 | _aben | ||
| 082 |
_a 930 _bSHA 2015 |
||
| 100 | _aশাহনাওয়াজ, এ কে এম | ||
| 245 |
_aমিসর / _cএ কে এম শাহনাওয়াজ, |
||
| 260 |
_aঢাকা : _bপ্রথমা প্রকাশন, _c২০১৫. |
||
| 300 |
_a31 p. : _bill. ; _c24 cm. |
||
| 490 | _aপ্রাচীন সভ্যতা সিরিজ ১ | ||
| 650 | _aCivilization | ||
| 651 | _aEgypt | ||
| 942 |
_2ddc _cBK |
||